000 00695nam1a22002651 4500
001 v19\rc\1909873
005 20251118180815.9
035 _a(NLR Aleph) 005023835
090 _a6617865
_c6617865
100 _a20080404d1911 u y0rusy50 ca
101 0 _arus
102 _aRU
105 _ay z |||||
200 1 _aСатира и юмор
_eАльманах. Вып. 1-
210 _aКазань
_cМолодые силы
_d1911
215 _d23
801 0 _aRU
_bNLR
_gpsbo
801 0 _aRU
_bRuMoRGB
_2psbo
801 1 _aRU
_bProSoft-M
_2rusmarc
852 _aNLR
_j20.106.8.162
899 _aRuMoRGB
_jN 36/211
899 _aRuMoRGB
_jN 71/31
899 _aБАН
942 _cBOOK
980 _aNB